Vấn đề đạo đức trong thực hành tâm lý lâm sàng / (Record no. 11362)
[ view plain ]
| 000 -Đầu biểu | |
|---|---|
| 00664nam a22002177a 4500 | |
| 005 - Thời gian tạo/Chỉnh sửa | |
| 20260317135638.0 | |
| 008 - Cấu thành dữ liệu có độ dài cố định -- Thông tin chung | |
| 260317b2025 vm ||||| |||| 00| | vie d | |
| 020 ## - Chỉ số ISBN | |
| Số ISBN | 9786044354293 |
| Giá bìa | 0 |
| 041 ## - Mã ngôn ngữ | |
| Mã ngôn ngữ chính văn | vie |
| 082 ## - Chỉ số phân loại DDC | |
| Ký hiệu phân loại | 174.961 |
| Chỉ số cutter | NG-H |
| 100 ## - Tiêu đề chính - Tên cá nhân | |
| Tên cá nhân | Nguyễn Viết Hiền |
| 245 ## - Nhan đề và thông tin trách nhiệm | |
| Nhan đề | Vấn đề đạo đức trong thực hành tâm lý lâm sàng / |
| Thông tin trách nhiệm | Nguyễn Viết Hiền (Chủ biên), Lê Ngọc Trâm |
| 260 ## - Địa chỉ xuất bản | |
| Nơi xuất bản | H. : |
| Nhà xuất bản | ĐHQGHN, |
| Năm xuất bản, phát hành | 2025 |
| 300 ## - Mô tả vật lý | |
| Số trang | 277 tr. |
| Khổ cỡ | 21 cm. |
| 653 ## - Từ khóa tự do | |
| Từ khóa tự do | Đạo đức nghề nghiệp |
| 653 ## - Từ khóa tự do | |
| Từ khóa tự do | Tâm lí học lâm sàng |
| 653 ## - Từ khóa tự do | |
| Từ khóa tự do | Thực hành |
| 700 ## - Tiêu đề bổ sung - Tên cá nhân | |
| Tên cá nhân | Lê Ngọc Trâm |
| 911 ## - Thông tin người biên mục | |
| Người nhập | Yen |
| 942 ## - Dạng tài liệu (KOHA) | |
| Nguồn phân loại | |
| Kiểu tài liệu | Sách tham khảo |
| Dừng lưu thông | Mất tài liệu | Nguồn phân loại | Hư hỏng tài liệu | Không cho mượn | Thư viện sở hữu | Thư viện hiện tại | Kho tài liệu | Ngày bổ sung | Nguồn bổ sung | Số lần ghi mượn | Ký hiệu phân loại | Đăng ký cá biệt | Cập nhật lần cuối | Ngày áp dụng giá thay thế | Kiểu tài liệu |
|---|---|---|---|---|---|---|---|---|---|---|---|---|---|---|---|
| N/A | N/A | N/A | N/A | Thư viện Trường Quốc tế - Cơ sở Hòa Lạc | Thư viện Trường Quốc tế - Cơ sở Hòa Lạc | Kho sách tiếng Việt | 17/03/2026 | Sách tặng từ NXB | 174.961 NG-H | HL.2/00625 | 17/03/2026 | 17/03/2026 | Sách tham khảo | ||
| N/A | N/A | N/A | N/A | Thư viện Trường Quốc tế - Cơ sở Hòa Lạc | Thư viện Trường Quốc tế - Cơ sở Hòa Lạc | Kho sách tiếng Việt | 17/03/2026 | Sách tặng từ NXB | 174.961 NG-H | HL.2/00626 | 17/03/2026 | 17/03/2026 | Sách tham khảo | ||
| N/A | N/A | N/A | N/A | Thư viện Trường Quốc tế - Cơ sở Hòa Lạc | Thư viện Trường Quốc tế - Cơ sở Hòa Lạc | Kho sách tiếng Việt | 17/03/2026 | Sách tặng từ NXB | 174.961 NG-H 2025 | HL.2/00654 | 17/03/2026 | 17/03/2026 | Sách tham khảo |



